Zbierka zákonov. Československá socialistická republika

Guardado en:
Detalles Bibliográficos
Formato: Seriadas
Lenguaje:eslovaco
Publicado: Praha Federálny štatistický úrad 1975
Etiquetas: Agregar Etiqueta
Sin Etiquetas, Sea el primero en etiquetar este registro!

MARC

LEADER 00000nas2a2200000 4500
001 s122009
005 20250730114208.9
041 0 |a slo 
044 |a CZ 
245 1 0 |a Zbierka zákonov. Československá socialistická republika 
264 1 |a Praha  |b Federálny štatistický úrad  |c 1975 
300 |a 1 zv. 
773 0 |w eu_un_cat*s125135